[Event "3rd Ortega Rating"]
[Site "Ortega COL"]
[Date "2013.06.07"]
[Round "2.26"]
[White "Salamanca,Juan David"]
[Black "Velasquez,Angie Gabriela"]
[Result "0-1"]
[WhiteElo "1559"]
[BlackElo "1776"]

1.e4 c5 2.Nf3 d6 3.d4 cxd4 4.Nxd4 Nf6 5.Nc3 a6 6.f3 e5 7.Nb3 Be6 8.Be3 Be7
9.Qd2 Qc7 10.O-O-O O-O 11.g4 Rc8 12.h4 a5 13.Nb5 Qc6 14.Kb1 a4 15.Nc1 b6
16.h5 Ra5 17.g5 Ne8 18.g6 Rxb5 19.Bxb5 Qxb5 20.Rdg1 d5 21.gxf7+ Bxf7 22.Bh6 Ba3
23.c3 dxe4 24.Bxg7 Nxg7 25.h6 Bg6 26.hxg7 e3+  0-1

[Event "3rd Ortega Rating"]
[Site "Ortega COL"]
[Date "2013.06.07"]
[Round "2.15"]
[White "Rosado Perez,M"]
[Black "Contreras,H"]
[Result "0-1"]
[WhiteElo "1865"]
[BlackElo "2229"]

1.e4 c5 2.Nf3 d6 3.d4 cxd4 4.Nxd4 Nf6 5.Nc3 a6 6.f3 e6 7.Be3 b5 8.Qd2 Bb7
9.g4 Nfd7 10.O-O-O Nb6 11.h4 N8d7 12.Qf2 Rc8 13.Nb3 Rxc3 14.bxc3 Qc7 15.Bd3 Na4
16.Bd2 Ne5 17.Kb1 d5 18.Rdf1 dxe4 19.fxe4 Nxc3+ 20.Bxc3 Qxc3 21.Qd4 Qxd4
22.Nxd4 Nxg4 23.Rhg1 h5 24.Nb3 g6 25.Na5 Ba8 26.Rg3 Bb4 27.Nb3 Ke7 28.Kb2 Rc8
29.a3 Bc3+ 30.Kc1 Be5 31.Rgg1 Bh2 32.Rg2 Bd6 33.Re2 Bxa3+ 34.Kb1 Bb4 35.Nd4 Bc3
36.Nf3 Rc5 37.Ng5 f6 38.Rxf6  0-1

[Event "3rd Ortega Rating"]
[Site "Ortega COL"]
[Date "2013.06.09"]
[Round "6.19"]
[White "Zabala,Fidel"]
[Black "Velasquez,Angie Gabriela"]
[Result "1-0"]
[WhiteElo "1990"]
[BlackElo "1776"]

1.e4 c5 2.Nf3 d6 3.d4 cxd4 4.Nxd4 a6 5.Nc3 Nf6 6.f3 e5 7.Nb3 Be6 8.Be3 Be7
9.Qd2 Qc7 10.g4 O-O 11.O-O-O Rc8 12.h4 Nbd7 13.g5 Nh5 14.Bh3 Bxh3 15.Rxh3 Nf4
16.Bxf4 exf4 17.Nd5 Qd8 18.Qxf4 Ne5 19.Nd4 Ng6 20.Qg4 Ne5 21.Qg2 Bf8 22.f4 Nc6
23.Nf5 Qa5 24.Ra3 Qb5 25.Rg1 Nb4 26.Nh6+ Kh8 27.Nxf7+ Kg8 28.Nh6+ Kh8 29.Nxb4 Qxb4
30.Nf7+ Kg8 31.g6 Qc4 32.gxh7+ Kxh7 33.Nxd6 Qc7 34.e5 Bxd6 35.Qg6+ Kg8 36.exd6 Qd7
37.Rag3 Rd8 38.Qf6 Rf8 39.Rxg7+ Kh8 40.Qh6+  1-0

[Event "17th Petr Izmailov"]
[Site "Tomsk RUS"]
[Date "2013.06.14"]
[Round "4.25"]
[White "Zaretsky,L"]
[Black "Tarasov,Sergey Ivan"]
[Result "0-1"]
[WhiteElo "1979"]
[BlackElo "2138"]

1.e4 c5 2.Nf3 d6 3.d4 cxd4 4.Nxd4 Nf6 5.Nc3 a6 6.f3 e6 7.Be3 b5 8.Bd3 Bb7
9.Qd2 Nbd7 10.O-O-O b4 11.Nce2 d5 12.exd5 Nxd5 13.Kb1 Rc8 14.Nb3 Be7 15.Ng3 Ne5
16.Bd4 Nxd3 17.Qxd3 O-O 18.Ne4 Qc7 19.Rhe1 Rfd8 20.Qe2 Nf4 21.Qf2 Nd5 22.Nec5 Bf6
23.Bxf6 Nxf6 24.Qh4 Rxd1+ 25.Rxd1 a5 26.Qd4 Bd5 27.c4 bxc3 28.Qxc3 Bxb3 29.Nxb3 Qxc3
30.bxc3 Nd5 31.Kb2 a4 32.Nc1 Rb8+ 33.Ka3 Nxc3 34.Rd3 Rc8 35.Kb2 Nd5 36.Ra3 Nb6
37.Rc3 Rb8 38.Ka3 g6 39.Nd3 Rb7 40.Rc2 Rd7 41.Nb2 Rd5 42.Rc6 Nd7 43.Rc2 e5
44.Kxa4 f5 45.Kb4 Kf7 46.a4 Ke7 47.a5 Nb8 48.Rc7+ Kd6 49.Rxh7 Nc6+ 50.Kc3 Kc5
51.Re7 Kb5 52.Rg7 Rc5+ 53.Kd2 Nd4 54.Nd3 Rc2+ 55.Kd1 Rxg2 56.Nxe5 Rxh2 57.Rxg6 Ra2
58.a6 Kc5 59.f4 Kd5 60.Rb6 Ke4 61.Ng6 Kd3 62.Ke1 Ke3 63.Kf1 Rf2+ 64.Ke1 Rg2
65.Kf1 Ra2 66.Rd6 Rf2+ 67.Ke1 Rd2 68.a7 Nf3+ 69.Kf1 Rf2+  0-1

[Event "2nd Grand Europe Open 2013"]
[Site "Golden Sands BUL"]
[Date "2013.06.15"]
[Round "6.53"]
[White "Kiselev,AS"]
[Black "Georgescu,T"]
[Result "0-1"]
[WhiteElo "2204"]
[BlackElo "2375"]

1.e4 c5 2.Nf3 d6 3.d4 cxd4 4.Nxd4 Nf6 5.Nc3 a6 6.f3 e5 7.Nb3 Be6 8.Be3 Be7
9.Qd2 h5 10.Be2 Nbd7 11.Nd5 Nxd5 12.exd5 Bf5 13.Na5 Qc7 14.c4 Bh4+ 15.g3 Bf6
16.Rc1 b6 17.Nc6 a5 18.Bd3 Bh3 19.Bf1 Bf5 20.Bd3 Bh3 21.Bf1 Bxf1 22.Rxf1 Nb8
23.Nxb8 Rxb8 24.b4 axb4 25.Qxb4 O-O 26.Rf2 Qd7 27.Rb1 h4 28.g4 h3 29.g5 Be7
30.Qd2 b5 31.cxb5 Rxb5 32.Rd1 Ra8 33.Qd3 Rba5 34.Qc2 Qd8 35.Qf5 g6 36.Qxh3 Bxg5
37.Bxg5 Qxg5 38.Rdd2 Rc5 39.Ke2 Qxd2+ 40.Kxd2 Rxa2+ 41.Kd3 Rxf2 42.Qh4 Rxd5+
43.Ke3 Rfd2  0-1

[Event "17th Petr Izmailov"]
[Site "Tomsk RUS"]
[Date "2013.06.18"]
[Round "8.32"]
[White "Zaretsky,L"]
[Black "Elsukov,V"]
[Result "1-0"]
[WhiteElo "1979"]
[BlackElo "1797"]

1.e4 c5 2.Nf3 d6 3.d4 cxd4 4.Nxd4 Nf6 5.Nc3 a6 6.f3 e5 7.Nb3 Be6 8.Be3 d5
9.exd5 Nxd5 10.Nxd5 Qxd5 11.Qxd5 Bxd5 12.O-O-O Bxb3 13.axb3 Be7 14.Bd3 Nc6
15.Rhe1 O-O 16.Be4 Rfd8 17.Bb6 Bg5+ 18.Kb1 Re8 19.Rd7 Re7 20.Red1 Rb8 21.Rxe7 Bxe7
22.Rd7 Kf8 23.Bc7 Rc8 24.Bxc6 bxc6 25.Bxe5 f6 26.Bg3 Ra8 27.Rc7 c5 28.Bf2 Rd8
29.Kc1 Rd5 30.Ra7 c4 31.bxc4 Ra5 32.Kd2 Bd6 33.g3 Ra2 34.c5 Be5 35.b4 Ra3
36.b5 Rxf3 37.Be3 h5 38.Ke2 Rf5 39.Rxa6 Bc3 40.b6 Rd5 41.b7  1-0

[Event "41st TCh-GRE"]
[Site "Rio (Achaia) GRE"]
[Date "2013.07.05"]
[Round "5.6"]
[White "Hnara,Maria-Danai"]
[Black "Serefidou,D"]
[Result "0-1"]
[WhiteElo "1675"]
[BlackElo "1971"]

1.e4 c5 2.Nf3 d6 3.d4 cxd4 4.Nxd4 Nf6 5.Nc3 a6 6.f3 e5 7.Nb3 Be6 8.Be3 h5
9.Be2 Nbd7 10.Qd2 Rc8 11.O-O Be7 12.Kh1 Nb6 13.Rad1 Nc4 14.Bxc4 Bxc4 15.Rf2 O-O
16.Bg5 Ng4 17.fxg4 Bxg5 18.Qxd6 Qxd6 19.Rxd6 hxg4 20.Na5 Be3 21.Rf5 Be6 22.Rf1 Bd4
23.Nd5 Bxd5 24.Rxd5 Rxc2 25.Nxb7 Rxb2 26.Rd7 Rc8 27.Nd6 Rcc2 28.Nxf7 Rf2
29.Nh6+ gxh6 30.Rc1 Rbc2 31.Rb1 Bb2  0-1

[Event "V4 Int Open ch-SVK 2013"]
[Site "Banska Stiavnica SVK"]
[Date "2013.07.06"]
[Round "1.69"]
[White "Kahancova,J"]
[Black "Goga,F"]
[Result "0-1"]
[WhiteElo "1636"]
[BlackElo "1907"]

1.e4 c5 2.Nf3 d6 3.d4 cxd4 4.Nxd4 Nf6 5.Nc3 a6 6.f3 e5 7.Nb3 Be6 8.Be3 Be7
9.Qd2 Nbd7 10.Be2 O-O 11.O-O-O b5 12.g4 Nb6 13.h4 b4 14.Nb1 a5 15.h5 a4 16.Qxb4 axb3
17.Bxb6 Qc8 18.axb3 Rb8 19.Qa5 Bxb3 20.Bd3 Qc6 21.Be3 d5 22.Qd2 d4 23.Bg5 Bb4
24.Qh2 Rfc8 25.Rdg1 Nd7 26.Kd1 Nc5 27.Rg2 Ba2 28.Ke2 Nxd3  0-1

[Event "V4 Int Open ch-SVK 2013"]
[Site "Banska Stiavnica SVK"]
[Date "2013.07.06"]
[Round "1.31"]
[White "Harvan,R"]
[Black "Gunajew,R"]
[Result "1/2-1/2"]
[WhiteElo "2054"]
[BlackElo "2294"]

1.e4 c5 2.Nf3 d6 3.d4 cxd4 4.Nxd4 Nf6 5.Nc3 a6 6.f3 e5 7.Nb3 Be6 8.Be3 Be7
9.Qd2 O-O 10.O-O-O a5 11.Kb1 a4 12.Nc1 a3 13.b3 Na6 14.g4 Nb4 15.g5 Ne8 16.h4 Rc8
17.Bd3 Qa5 18.Nd5 Bxd5 19.exd5 f5 20.c4 Nc7 21.Rdg1 b5 22.g6 h5 23.Bg5 bxc4
24.Bxc4 Bf6 25.Nd3 Rb8 26.Bxf6 Rxf6 27.Rg5 e4 28.Nf4 Qc5 29.Nxh5 Rff8 30.Qc3 Ne8
31.Nxg7 Nxg7 32.h5 Qf2 33.h6 Qxa2+ 34.Kc1 Nd3+ 35.Bxd3 Rfc8 36.Bc4 Rxc4 37.Qxc4 Qa1+
38.Kd2 Qxh1 39.Qc7 Qh2+ 40.Kd1 Qh1+ 41.Kc2  1/2-1/2

[Event "V4 Int Open ch-SVK 2013"]
[Site "Banska Stiavnica SVK"]
[Date "2013.07.06"]
[Round "1.55"]
[White "Marczuk,Anna"]
[Black "Nowak,L2"]
[Result "0-1"]
[WhiteElo "1778"]
[BlackElo "1955"]

1.e4 c5 2.Nf3 d6 3.d4 cxd4 4.Nxd4 Nf6 5.Nc3 a6 6.f3 e5 7.Nb3 Be6 8.Be3 h5
9.Qd2 Nbd7 10.Be2 Be7 11.O-O-O Rc8 12.Kb1 b5 13.h4 Nb6 14.a3 Nc4 15.Bxc4 Rxc4
16.Bg5 Qc7 17.Bxf6 gxf6 18.Rdg1 f5 19.exf5 Bxf5 20.g4 hxg4 21.fxg4 Rxg4 22.Nd5 Qa7
23.Rxg4 Bxg4 24.Nxe7 Qxe7 25.Qg2 Bc8 26.Qg7 Qf8 27.Qg2 Qe7 28.Qg7 Rxh4 29.Qg8+ Kd7
30.Rxh4 Qxh4 31.Qxf7+ Qe7 32.Qf2 Bb7 33.Qb6 Kc8 34.Na5 Qc7 35.Qxc7+ Kxc7
36.Kc1 Bd5 37.b4 Kd7 38.Kd2 Ke6 39.Ke3 Kf5 40.Kd3 Kf4 41.Ke2 Ke4 42.Kd2 Kf3
43.Ke1 Ke3 44.Kd1 Kf2  0-1

[Event "IsBank TCh-TUR 2013"]
[Site "Denizli TUR"]
[Date "2013.07.06"]
[Round "8.3"]
[White "Sanal,V"]
[Black "Sebag,M"]
[Result "1-0"]
[WhiteElo "2409"]
[BlackElo "2527"]

1.e4 c5 2.Nf3 d6 3.d4 cxd4 4.Nxd4 Nf6 5.Nc3 a6 6.f3 e5 7.Nb3 Be7 8.Be3 O-O
9.Qd2 Be6 10.O-O-O a5 11.Qe1 Na6 12.Kb1 Qb8 13.g4 Nc7 14.g5 Nh5 15.a4 Rd8
16.Bb6 Bxg5 17.Nxa5 Nf4 18.Nc4 d5 19.Nxe5 Bf6 20.Nd3 Ng6 21.e5 Bh4 22.Qe3 d4
23.Bxd4 b5 24.Nb4 bxa4 25.Nc6 Qb7 26.Nxd8 Rxd8 27.Nxa4 Qb4 28.b3 h6 29.Be2 Nd5
30.Qe4 Ra8 31.Bb2 Rxa4 32.Rd4 Nc3+ 33.Bxc3 Qxc3 34.Rxa4 Bf2 35.Rd1 Kh7 36.f4 Qc8
37.Ra8 Qc3 38.Rdd8  1-0

[Event "FIDE GP Beijing"]
[Site "Beijing CHN"]
[Date "2013.07.07"]
[Round "4.1"]
[White "Karjakin,Sergey"]
[Black "Grischuk,A"]
[Result "1/2-1/2"]
[WhiteElo "2776"]
[BlackElo "2780"]

1.e4 c5 2.Nf3 d6 3.d4 cxd4 4.Nxd4 Nf6 5.Nc3 a6 6.Be3 Ng4 7.Bc1 Nf6 8.f3 e6
9.Be3 b5 10.Qd2 Nbd7 11.g4 h6 12.O-O-O b4 13.Nce2 Qc7 14.h4 d5 15.Bf4 e5
16.Bh2 dxe4 17.g5 hxg5 18.hxg5 Rxh2 19.Rxh2 exd4 20.Rh8 Nd5 21.Qxd4 Bb7 22.fxe4 N5b6
23.Qxb4 O-O-O 24.Qb3 Bxe4 25.Nc3 Qf4+ 26.Kb1 Kc7 27.Bxa6 Nc5 28.Nb5+ Kc6
29.Na7+ Kc7 30.Nb5+ Kc6 31.Na7+ Kc7  1/2-1/2

[Event "17th Battle of Senta"]
[Site "Senta SRB"]
[Date "2013.07.13"]
[Round "1.6"]
[White "Leskur,D"]
[Black "Suc,T"]
[Result "1-0"]
[WhiteElo "2391"]
[BlackElo "2137"]

1.e4 c5 2.Nf3 d6 3.d4 cxd4 4.Nxd4 Nf6 5.Nc3 a6 6.f3 e5 7.Nb3 Be7 8.Be3 Be6
9.Qd2 O-O 10.Rd1 Nbd7 11.Be2 Rc8 12.a4 Nb6 13.a5 Nc4 14.Bxc4 Rxc4 15.O-O h6
16.Rf2 Qc8 17.Nc1 d5 18.exd5 Nxd5 19.Nxd5 Bxd5 20.Nd3 Rd8 21.Bb6 Rd6 22.Nxe5 Bxf3
23.Qxd6 Qe8 24.Nxc4 Bxd6 25.Nxd6  1-0

[Event "2nd Ideon Andron Open 2013"]
[Site "Anogia GRE"]
[Date "2013.07.16"]
[Round "8.10"]
[White "Milonakis,G"]
[Black "Koutsogiannopoulou,T"]
[Result "1-0"]
[WhiteElo "2213"]
[BlackElo "1886"]

1.e4 c5 2.Nf3 d6 3.d4 cxd4 4.Nxd4 Nf6 5.Nc3 a6 6.f3 e5 7.Nb3 Be6 8.Be3 h5
9.Be2 Nbd7 10.O-O Be7 11.Nd5 Bxd5 12.exd5 Qc7 13.c4 a5 14.a4 O-O 15.Kh1 g6
16.Rc1 b6 17.f4 exf4 18.Bxf4 Ne5 19.Bxe5 dxe5 20.d6  1-0

[Event "28th Gniot Mem 2013"]
[Site "Police POL"]
[Date "2013.07.18"]
[Round "9.17"]
[White "Graf,Paw"]
[Black "Schroeder,Kevin"]
[Result "0-1"]
[WhiteElo "2108"]
[BlackElo "2079"]

1.e4 c5 2.Nf3 d6 3.d4 cxd4 4.Nxd4 Nf6 5.Nc3 a6 6.f3 e5 7.Nb3 Be7 8.Be3 Be6
9.Qd2 O-O 10.O-O-O Nbd7 11.g4 b5 12.h4 b4 13.Nd5 Bxd5 14.exd5 a5 15.g5 Ne8
16.Qd3 Nc7 17.Bh3 a4 18.Nd2 Na6 19.Ne4 Qc7 20.Bxd7 Qxd7 21.Rdg1 Kh8 22.h5 b3
23.axb3 Nb4 24.Qd2 Qb7 25.Kd1 axb3 26.c4 Ra1+ 27.Ke2 Rxg1 28.Rxg1 Rc8 29.Ra1 Rxc4
30.Nc3 Rh4 31.Ne4 Rh2+ 32.Nf2 Qb5+ 33.Ke1 Bf8 34.Ra8 Kg8 35.Qc3 Nc2+ 36.Kd2 Qxd5+  0-1

[Event "Quebec Open Invitational 2013"]
[Site "Montreal CAN"]
[Date "2013.07.21"]
[Round "1.4"]
[White "Calugar,A"]
[Black "Kovalyov,A"]
[Result "1-0"]
[WhiteElo "2282"]
[BlackElo "2606"]

1.e4 c5 2.Nf3 d6 3.d4 cxd4 4.Nxd4 Nf6 5.Nc3 a6 6.f3 e5 7.Nb3 h5 8.Be3 Be6
9.Nd5 Bxd5 10.exd5 Nbd7 11.Be2 g6 12.O-O Bh6 13.f4 O-O 14.c4 Re8 15.Kh1 a5
16.fxe5 Bxe3 17.exf6 a4 18.Nd2 Nxf6 19.Qc2 Rc8 20.Rae1 Bh6 21.Bd3 Rxe1 22.Rxe1 Bxd2
23.Qxd2 Ng4 24.Qf4 Ne5 25.Qd4 Qa5 26.Rd1 Qb4 27.Be2 Nxc4 28.Qf4 b5 29.Rf1 Rd8  1-0

[Event "Glorney Cup 2013"]
[Site "Cardiff ENG"]
[Date "2013.07.22"]
[Round "2.1"]
[White "O'Donnell,Conor"]
[Black "Hunt,D"]
[Result "1-0"]
[WhiteElo "2105"]
[BlackElo "2057"]

1.e4 c5 2.Nf3 d6 3.d4 cxd4 4.Nxd4 Nf6 5.Nc3 a6 6.f3 e5 7.Nb3 Be6 8.Be3 Be7
9.Qd2 O-O 10.O-O-O Nbd7 11.g4 a5 12.a4 Nb6 13.h4 Nc4 14.Bxc4 Bxc4 15.h5 d5
16.Nxd5 Nxd5 17.exd5 Bb4 18.Qf2 Rc8 19.Kb1 Qd6 20.f4 f6 21.f5 Bxd5 22.h6 Qc6
23.hxg7 Rf7 24.Rh2 Be4 25.Nc1 Rxg7 26.Nd3 Be7 27.g5 fxg5 28.Nxe5 Qf6 29.Ng4 Qa6
30.Rd2 Rf8 31.Bd4 Bxf5 32.Nh6+ Kh8 33.Bxg7+ Kxg7 34.Nxf5+ Kh8 35.Qd4+ Bf6
36.Qd6 Qf1+ 37.Rd1 Be7 38.Nxe7  1-0

[Event "Karpacz Open 2013"]
[Site "Karpacz POL"]
[Date "2013.07.22"]
[Round "1.6"]
[White "Jankowiak,Piotr"]
[Black "Siembab,B"]
[Result "0-1"]
[WhiteElo "1547"]
[BlackElo "2258"]

1.e4 c5 2.Nf3 d6 3.d4 cxd4 4.Nxd4 Nf6 5.Nc3 a6 6.f3 e5 7.Nb3 Be6 8.Be3 Be7
9.Qd2 O-O 10.O-O-O Nbd7 11.g4 b5 12.g5 b4 13.Ne2 Ne8 14.h4 a5 15.Kb1 a4 16.Nbc1 b3
17.a3 d5 18.c3 Nd6 19.Ng3 dxe4 20.Nxe4 Bf5 21.Bd3 Bxe4 22.Bxe4 Rc8 23.Bd3 Nb6
24.Qe2 Re8 25.h5 Bxg5 26.Bxg5 Qxg5 27.Bxh7+ Kxh7 28.Rxd6 Nc4 29.Rd3 Re6 30.Rd7 Qf5+
31.Qd3 Rf6 32.Qxf5+ Rxf5 33.Rd3 Rxf3 34.Rxf3 Nd2+ 35.Ka1 Nxf3 36.Nd3 Rd8
37.Nc5 f5 38.Nxa4 e4 39.c4 e3 40.Nc3 Rd2 41.c5 e2 42.c6 e1=Q+ 43.Rxe1 Nxe1
44.c7 Rc2 45.Kb1 Nd3 46.c8=B Rc1+  0-1

[Event "Yinzhou Cup CHN-USA"]
[Site "Ningbo CHN"]
[Date "2013.07.22"]
[Round "4.1"]
[White "Abrahamyan,T"]
[Black "Ding Yixin"]
[Result "1-0"]
[WhiteElo "2316"]
[BlackElo "2432"]

1.e4 c5 2.Nf3 d6 3.d4 cxd4 4.Nxd4 Nf6 5.Nc3 a6 6.f3 e5 7.Nb3 Be6 8.Be3 Be7
9.Qd2 O-O 10.O-O-O Qc7 11.g4 Rc8 12.g5 Nh5 13.Nd5 Bxd5 14.exd5 Nd7 15.Bd3 Nb6
16.Bxb6 Qxb6 17.Rhg1 a5 18.Kb1 a4 19.Nc1 g6 20.Ne2 Bf8 21.Be4 Rc4 22.a3 Nf4
23.h4 Rac8 24.Rh1 Bg7 25.Rh2 Nh5 26.c3 R4c7 27.Rc1 Bf8 28.Rg2 Qb5 29.Ka1 Rc5
30.Rd1 Be7 31.Ng3 Nf4 32.Rh2 Bd8 33.Bd3 Qb3 34.Bc2 Qb6 35.Rdh1 Rxd5 36.Qe1 Kf8
37.h5 Nd3 38.Bxd3 Rxd3 39.hxg6 hxg6 40.Ne4 Ke7 41.Nf6 Bc7 42.Qe4 Qb5 43.c4 Qb3
44.Nd5+ Rxd5 45.Qxd5 Qb6 46.Rh7 Rf8 47.f4 Qc6 48.Qd3 exf4 49.Rf1 Qc5 50.Rxf4 Kd8
51.Rfxf7 Rxf7 52.Rxf7 Qxg5 53.Qe4 Kc8 54.Qe8+ Qd8 55.Rf8 Qxe8 56.Rxe8+ Kd7
57.Rg8 Kc6 58.Rxg6 Kc5 59.Rg7 Kc6 60.Rg5 Bd8 61.Rb5 Bb6 62.Rb4 Bd4 63.Rxa4 d5
64.cxd5+ Kxd5 65.Kb1 Bg1 66.Kc2 b6 67.Rg4 Bf2 68.Kd3 Kc6 69.Kc4 b5+ 70.Kb4 Be1+
71.Kb3 Kb6 72.Rg6+ Kc5 73.Kc2 Bf2 74.Kd3 Kd5 75.Rg2 Bh4 76.Re2 Bf6 77.Kc2 Kc5
78.Kb3 Bg7 79.a4 bxa4+ 80.Kxa4 Kc6 81.b4 Bd4 82.Re6+ Kd7 83.Rg6 Kc7 84.Kb5 Kb7
85.Rd6 Bc3 86.Rd7+ Kc8 87.Rh7 Kd8 88.Kc5 Be1 89.b5  1-0

[Event "28th Avoine Open"]
[Site "Avoine FRA"]
[Date "2013.07.24"]
[Round "5.45"]
[White "Auvray,H"]
[Black "Leriche,L"]
[Result "1-0"]
[WhiteElo "1835"]
[BlackElo "2110"]

1.e4 c5 2.Nf3 d6 3.d4 cxd4 4.Nxd4 Nf6 5.Nc3 a6 6.f3 e5 7.Nb3 Be6 8.Be3 Be7
9.Qd2 O-O 10.O-O-O a5 11.a4 Nc6 12.g4 Nb4 13.g5 Ne8 14.Kb1 Rc8 15.f4 exf4
16.Bxf4 d5 17.exd5 Bf5 18.Nd4 Bg6 19.h4 Rxc3 20.Qxc3 Nxd5 21.Qf3 Nxf4 22.Qxf4 Qd5
23.Bb5 Bd6 24.Qe3 Nc7 25.h5 Be4 26.Rhe1 Bg2 27.Nb3  1-0

[Event "65th ch-MNE 2013"]
[Site "Cetinje SRB"]
[Date "2013.07.26"]
[Round "7.7"]
[White "Kalezic,B"]
[Black "Kraljevic,I"]
[Result "1/2-1/2"]
[WhiteElo "2418"]
[BlackElo "2142"]

1.e4 c5 2.Nf3 d6 3.d4 cxd4 4.Nxd4 Nf6 5.Nc3 a6 6.Be3 Ng4 7.Bc1 Nf6 8.f3 e5
9.Nb3 Be7 10.Be3 Be6 11.Qd2 b5 12.O-O-O Nbd7 13.a3 Nb6 14.Qf2 Nfd7 15.Kb1 Qc7
16.Nc1 Rb8 17.N1a2 Qb7 18.Bxb6 Nxb6 19.Nb4 O-O 20.Nbd5 Bd8 21.Ka1 Nc4 22.Bxc4 bxc4
23.Rb1 Ba5 24.Rhd1 Rfc8 25.Qe3 Rc5 26.g3  1/2-1/2

[Event "Yinzhou Cup CHN-USA Rapid"]
[Site "Ningbo CHN"]
[Date "2013.07.26"]
[Round "5.1"]
[White "Abrahamyan,T"]
[Black "Wang Jue"]
[Result "0-1"]
[WhiteElo "2316"]
[BlackElo "2399"]

1.e4 c5 2.Nf3 d6 3.d4 cxd4 4.Nxd4 Nf6 5.Nc3 a6 6.f3 e5 7.Nb3 Be7 8.Be3 Be6
9.Qd2 O-O 10.O-O-O Nbd7 11.g4 b5 12.Rg1 Nb6 13.Na5 Rc8 14.g5 Nh5 15.Kb1 g6
16.h4 Qc7 17.Nd5 Nxd5 18.exd5 Bxd5 19.Qxd5 Qxa5 20.Bh3 Rc4 21.Bg4 Nf4 22.Bxf4 exf4
23.h5 Rc5 24.Qe4 Re5 25.Qxf4 Bxg5 26.Qh2 Bf6 27.f4 Re3 28.hxg6 hxg6 29.Bf5 Bg7
30.Bd3 Qd8 31.f5 Qf6 32.c3 Rxd3 33.Rxd3 Qxf5 34.Qxd6 Re8 35.Rd1 Re6 36.Qb8+ Kh7
37.a3 g5 38.Ka1 Kg6 39.Rd5 Qf3 40.Qd8 Qf6 41.Qg8 Qe7  0-1

[Event "Karpacz Open 2013"]
[Site "Karpacz POL"]
[Date "2013.07.28"]
[Round "7.5"]
[White "Dwilewicz,Agata"]
[Black "Siembab,B"]
[Result "0-1"]
[WhiteElo "1502"]
[BlackElo "2258"]

1.e4 c5 2.Nf3 d6 3.d4 cxd4 4.Nxd4 Nf6 5.Nc3 a6 6.f3 e6 7.Be3 Be7 8.Qd2 O-O
9.O-O-O b5 10.g4 Bb7 11.g5 Nfd7 12.h4 b4 13.Nce2 d5 14.Bg2 Ne5 15.Ng3 Nc4
16.Qe2 Bc5 17.f4 Qb6 18.Bg1 Nc6 19.Nxc6 Bxc6 20.f5 Bxg1 21.Rhxg1 Bb5 22.Qf3 dxe4
23.Nxe4 exf5 24.Ng3 g6 25.h5 Rac8 26.Kb1 Ne3 27.Rc1 Nxc2 28.Rh1 Nd4 29.Qd5 Rcd8
30.Qc5 Bd3+ 31.Ka1 Qxc5 32.Rxc5 Nc2+ 33.Rxc2 Bxc2 34.Bf3 Rd3 35.Rf1 Rfd8
36.hxg6 Rxf3  0-1

[Event "Charleroi Open 2013"]
[Site "Charleroi BEL"]
[Date "2013.07.29"]
[Round "3.17"]
[White "Capone,N"]
[Black "Keiser,M"]
[Result "1-0"]
[WhiteElo "2149"]
[BlackElo "1821"]

1.e4 c5 2.Nf3 d6 3.d4 cxd4 4.Nxd4 Nf6 5.f3 a6 6.Nc3 e6 7.Be3 Be7 8.Qd2 O-O
9.Bc4 Qc7 10.Bb3 Nc6 11.O-O-O Ne5 12.Kb1 Rd8 13.g4 Nc4 14.Bxc4 Qxc4 15.Nb3 Bd7
16.Bb6 Rdc8 17.g5 Ne8 18.Na5 Qb4 19.Nd5 Qxd2 20.Nxe7+ Kf8 21.Ng6+ hxg6 22.Rxd2 Ke7
23.Rhd1 Rc6 24.Nxc6+ bxc6 25.Bc5 e5 26.Bxd6+ Ke6 27.Bf8 f5 28.Rxd7  1-0

[Event "Charleroi Open 2013"]
[Site "Charleroi BEL"]
[Date "2013.08.01"]
[Round "7.6"]
[White "Capone,N"]
[Black "Maalla,A"]
[Result "0-1"]
[WhiteElo "2149"]
[BlackElo "2118"]

1.e4 c5 2.Nf3 d6 3.d4 cxd4 4.Nxd4 Nf6 5.Nc3 a6 6.f3 e5 7.Nb3 Be6 8.Be3 Be7
9.Qd2 O-O 10.O-O-O a5 11.Bb5 Nbd7 12.Qf2 b6 13.Kb1 Qc7 14.a4 Rfd8 15.g4 Nc5
16.g5 Nfd7 17.Nc1 Nf8 18.h4 Qb7 19.Nd5 Bxd5 20.exd5 Rab8 21.Bxc5 bxc5 22.f4 exf4
23.Ne2 Ng6 24.Nxf4 Ne5 25.Rhf1 c4 26.Ne2 Rf8 27.Qf5 g6 28.Qh3 Rfc8 29.Nc3 Rc5
30.Rh1 Qc8 31.Ne4 Rc7 32.h5 Qxh3 33.Rxh3 h6 34.hxg6 hxg5 35.gxf7+ Nxf7 36.Rg3 Kg7
37.Rd4 Kg6 38.Rxc4 Rxc4 39.Bxc4 Ne5 40.Be2 Rb4 41.Nf2 Kf5 42.b3 g4 43.Nd1 Bh4
44.Rg2 g3 45.Kb2 Kf4 46.Kc3 Bf6 47.Kd2 Nf3+ 48.Bxf3 Kxf3 49.Rg1 Rd4+ 50.Ke1 g2  0-1

[Event "Politiken Cup 2013"]
[Site "Helsingor DEN"]
[Date "2013.08.01"]
[Round "7.112"]
[White "Skjolas,Erling Dyrhaug"]
[Black "Degerfeldt,Sven"]
[Result "0-1"]
[WhiteElo "1581"]
[BlackElo "1921"]

1.e4 c5 2.Nf3 d6 3.d4 cxd4 4.Nxd4 Nf6 5.Nc3 a6 6.f3 e5 7.Nb3 Be6 8.Nd5 Bxd5
9.exd5 Nbd7 10.Be3 Qc7 11.c4 b6 12.Bd3 g6 13.Qd2 Bg7 14.O-O O-O 15.Rac1 a5
16.a4 Nc5 17.Nxc5 bxc5 18.Qc2 Rfe8 19.Rce1 Rab8 20.b3 Rb7 21.f4 e4 22.Be2 Reb8
23.Rb1 Qe7 24.f5 Nd7 25.fxg6 hxg6 26.Bd2 Bd4+ 27.Kh1 f5 28.Bxa5 Qe5 29.Bd2 Kg7
30.Bf4 Qf6 31.g4 g5 32.Bg3 f4 33.Qxe4 Be5 34.Bd3 Rh8 35.Bc2 Qh6 36.Bxf4 gxf4
37.Rf2 Qg5 38.Rbf1 Nf6 39.Qf5 Qxf5 40.gxf5 Kf8 41.Rg2 Rbh7 42.Rf3 Rh4 43.h3 Rxh3+
44.Rxh3 Rxh3+ 45.Rh2 Rc3 46.Rd2 f3 47.Bd1 Ne4 48.Rc2 Rd3 49.Be2 fxe2 50.Rxe2 Ng3+  0-1

[Event "2nd Washington Int"]
[Site "Rockville USA"]
[Date "2013.08.08"]
[Round "6.9"]
[White "Thavandiran,S"]
[Black "Abreu Delgado,A"]
[Result "1/2-1/2"]
[WhiteElo "2357"]
[BlackElo "2483"]

1.e4 c5 2.Nf3 d6 3.d4 cxd4 4.Nxd4 Nf6 5.Nc3 a6 6.f3 e5 7.Nb3 Be6 8.Be3 h5
9.Qd2 Nbd7 10.O-O-O Be7 11.Kb1 Rc8 12.g3 b5 13.Nd5 Bxd5 14.exd5 Nb6 15.Bxb6 Qxb6
16.Bg2 O-O 17.f4 exf4 18.Nd4 Ng4 19.Nc6 Bf6 20.Qxf4 Qf2 21.Rd2 Qxf4 22.gxf4 Ne3
23.c3 Rce8 24.Bf3 Nc4 25.Re2 Rxe2 26.Bxe2 Nb6 27.Nb4 Re8 28.Bxh5 a5 29.Nc6 a4
30.Na7 Nc4 31.Nxb5 Re4 32.b3 Nb6 33.Bxf7+ Kf8 34.Bg6 Re2 35.Bh5 Rf2 36.Re1 g6
37.Bxg6 Nxd5 38.bxa4 Bxc3 39.Rd1 Bd2 40.a5 Nc3+ 41.Nxc3 Bxc3 42.a6 Rb2+ 43.Kc1 Rxa2
44.Rxd6 Ke7 45.Rc6 Bd4 46.f5 Rxh2 47.Rc4 Be3+ 48.Kb1 Kf6 49.Rc2 Rh1+ 50.Ka2 Bd4
51.Kb3 Ba7 52.Rc7 Bf2 53.Rc6+ Kg5 54.Kc4 Rd1 55.Re6 Ra1 56.Kb5 Rc1 57.Rc6 Rb1+
58.Kc4 Rd1 59.Bh7 Rh1 60.Rg6+ Kf4 61.Rg2 Be3 62.Rg7 Ra1 63.Rg6 Rh1 64.Rg7 Ra1
65.f6 Rxa6 66.Rg6 Ra7 67.Rg7 Ra6 68.f7 Rf6 69.Bg8 Kf5 70.Rh7 Kg6 71.Rh3 Bh6
72.Kd5 Rf1 73.Rg3+ Kf6 74.Rg2 Rd1+ 75.Ke4 Re1+ 76.Kf3 Re5 77.Ra2 Bf8 78.Kf4 Rf5+
79.Kg4 Rg5+  1/2-1/2

[Event "39th Badalona Open A"]
[Site "Badalona ESP"]
[Date "2013.08.09"]
[Round "8.3"]
[White "Arenas,D"]
[Black "Guerra Mendez,J"]
[Result "0-1"]
[WhiteElo "2443"]
[BlackElo "2516"]

1.e4 c5 2.Nf3 d6 3.d4 cxd4 4.Nxd4 Nf6 5.Nc3 a6 6.f3 e5 7.Nb3 Be6 8.Be3 Nbd7
9.g4 Nb6 10.Qd2 d5 11.Bxb6 Qxb6 12.exd5 Rd8 13.Bc4 Bb4 14.a3 Bxc3 15.Qxc3 Nxd5
16.Bxd5 Rxd5 17.Rd1 O-O 18.Rxd5 Bxd5 19.Nd2 e4 20.fxe4 Be6 21.Kd1 Rc8 22.Qb4 Qc7
23.c3 Rd8 24.Kc2 Qf4 25.c4 h6 26.Kc1 Rd4 27.b3 Qe3 28.h3 b5  0-1

[Event "22nd ZMDI Open 2013"]
[Site "Dresden GER"]
[Date "2013.08.11"]
[Round "2.47"]
[White "Frey,Al"]
[Black "Gungl,T"]
[Result "1-0"]
[WhiteElo "2089"]
[BlackElo "1948"]

1.e4 c5 2.Nf3 d6 3.d4 cxd4 4.Nxd4 Nf6 5.Nc3 a6 6.f3 e6 7.Be3 b5 8.g4 Bb7
9.Qd2 Nfd7 10.O-O-O Be7 11.g5 Nb6 12.Bd3 N8d7 13.Rhg1 g6 14.f4 d5 15.f5 e5
16.fxg6 hxg6 17.Ne6 fxe6 18.exd5 Nf8 19.dxe6 Nd5 20.Qf2 Rh7 21.Be4 Nxc3 22.Rxd8+ Bxd8
23.Bxb7 Nxa2+ 24.Kb1 Rxb7 25.Kxa2 Nxe6 26.Qf3 Rab8 27.Qc6+ Ke7 28.Rd1 Bb6
29.Qd6+ Kf7 30.Rf1+ Kg7 31.Qxe6 Bxe3 32.Qxe5+  1-0

[Event "12th Lichtenberger Sommer"]
[Site "Berlin GER"]
[Date "2013.08.18"]
[Round "2.87"]
[White "Dittrich,Tom"]
[Black "Werner,Justus"]
[Result "0-1"]
[WhiteElo "1648"]
[BlackElo "1737"]

1.e4 c5 2.Nf3 d6 3.d4 cxd4 4.Nxd4 Nf6 5.Nc3 a6 6.f3 e5 7.Nb3 Be6 8.Be3 Be7
9.Qd2 O-O 10.O-O-O Qc7 11.g4 Nbd7 12.g5 Nh5 13.Nd5 Bxd5 14.exd5 a5 15.Kb1 a4
16.Nc1 a3 17.b3 f5 18.gxf6 Bxf6 19.Ne2 Rac8 20.Bh3 Kh8 21.Rhg1 g6 22.Bg4 Ng7
23.Bxd7 Qxd7 24.Nc3 Nf5 25.Ne4 Nxe3 26.Qxe3 Qc7 27.Rg2 Bg7 28.h4 Rf4 29.Rh1 Bh6
30.Qd3 Rcf8 31.Rf2 Rxe4  0-1

[Event "12th Lichtenberger Sommer"]
[Site "Berlin GER"]
[Date "2013.08.23"]
[Round "7.89"]
[White "Dittrich,Hans-Georg"]
[Black "Gruener,R"]
[Result "0-1"]
[WhiteElo "1751"]
[BlackElo "2016"]

1.e4 c5 2.Nf3 d6 3.d4 cxd4 4.Nxd4 Nf6 5.Nc3 a6 6.f3 e6 7.Be3 Be7 8.Qd2 O-O
9.O-O-O Qc7 10.Kb1 Rd8 11.g4 Nbd7 12.g5 Nh5 13.f4 g6 14.f5 Ne5 15.f6 Bf8
16.Be2 b5 17.Bxh5 gxh5 18.Qe2 b4 19.Na4 Bd7 20.Nb6 Qxb6 21.Nxe6 Qb5 22.Qxb5 Bxb5
23.Nxd8 Rxd8 24.Bb6 Rd7 25.Ba5 Nc6 26.Bb6 Ne5 27.Bf2 h6 28.h4 Kh7 29.Rhg1 Be2
30.Rd5 Bg4 31.Bg3 hxg5 32.Bxe5 dxe5 33.Rxd7 Bxd7 34.Rxg5 Bg4 35.Rxe5 Kh6
36.Re8 Bc5 37.e5 Kh7 38.c3 bxc3 39.bxc3 Bf2  0-1